| 000 -CABECERA |
| Longitud fija campo de control |
01043nam a2200241 a 4500 |
| 001 - NÚMERO DE CONTROL |
| Número de control |
5698 |
| 003 - IDENTIFICADOR DEL NÚMERO DE CONTROL |
| Identificador del número de control |
CDMR |
| 005 - FECHA Y HORA DE LA ÚLTIMA TRANSACCIÓN |
| Fecha y hora de la última transacción |
20151016134202.0 |
| 008 - CÓDIGOS DE INFORMACIÓN DE LONGITUD FIJA |
| Códigos de información de longitud fija |
130130s2007||||sp |||||||||||||||||cat|d |
| 040 ## - FUENTE DE LA CATALOGACIÓN |
| Centro catalogador de origen |
CDMR |
| Lengua de catalogación |
cat |
| Centro transcriptor |
CPC LLEIDA |
| 245 00 - MENCIÓN DE TÍTULO |
| Título |
Manual d'apropament als mitjans |
| Resto del título |
: la multiculturalitat, font d'informació |
| Mención de responsabilidad, etc. |
[autors, Isidre-Daniel Ramos, Janeth González] |
| 260 ## - PUBLICACIÓN, DISTRIBUCIÓN, ETC. (PIE DE IMPRENTA) |
| Nombre del editor, distribuidor, etc. |
Consell de l'Audiovisual de Catalunya |
| Lugar de publicación, distribución, etc. |
Barcelona |
| Fecha de publicación, distribución, etc. |
[2007] |
| 300 ## - DESCRIPCIÓN FÍSICA |
| Extensión |
v. |
| 500 ## - NOTA GENERAL |
| Nota general |
1.- Català i japonès ; 2.- Català i francès ; 3.- Català i àrab ; 4.- Català i anglès ; 5.- Català i àrab<br/> |
| 650 04 - PUNTO DE ACCESO ADICIONAL DE MATERIA - TÉRMINO DE MATERIA |
| 9 (RLIN) |
2777 |
| Término de materia o nombre geográfico como elemento inicial |
Comunicació intercultural |
| Subdivisión geográfica |
Catalunya |
| 650 04 - PUNTO DE ACCESO ADICIONAL DE MATERIA - TÉRMINO DE MATERIA |
| 9 (RLIN) |
4395 |
| Término de materia o nombre geográfico como elemento inicial |
Pluralisme cultural |
| 650 04 - PUNTO DE ACCESO ADICIONAL DE MATERIA - TÉRMINO DE MATERIA |
| 9 (RLIN) |
1448 |
| Término de materia o nombre geográfico como elemento inicial |
Mitjans de comunicació de massa |
| Subdivisión geográfica |
Catalunya |
| Subdivisión de forma |
Manuals, guies, etc. |
| 700 1# - PUNTO DE ACCESO ADICIONAL - NOMBRE DE PERSONA |
| 9 (RLIN) |
2035 |
| Nombre de persona |
Ramos, Isidre-Daniel |
| 700 1# - PUNTO DE ACCESO ADICIONAL - NOMBRE DE PERSONA |
| 9 (RLIN) |
2036 |
| Nombre de persona |
González, Janeth |
| 710 1# - PUNTO DE ACCESO ADICIONAL - NOMBRE DE ENTIDAD |
| 9 (RLIN) |
828 |
| Nombre de entidad o nombre de jurisdicción como elemento inicial |
Consell de l'Audiovisual de Catalunya |
| 856 40 - LOCALIZACIÓN Y ACCESO ELECTRÓNICO |
| Identificador Uniforme del Recurso (URI) |
<a href="http://www.cac.cat/web/mesa/documents/detall.jsp?NjY=&MQ==&MTA=">http://www.cac.cat/web/mesa/documents/detall.jsp?NjY=&MQ==&MTA=</a> |
| Texto del enlace |
Textos disponibles en línia |
| 942 ## - ENTRADA DE ELEMENTOS AGREGADOS (KOHA) |
| Koha [por defecto] tipo de item |
Fullets |
| Fuente de clasificaión o esquema |
|